| 000 | 00540nam a2200217Ia 4500 | ||
|---|---|---|---|
| 003 | OSt | ||
| 005 | 20221007082215.0 | ||
| 006 | a|||||r|||| 00| 0 | ||
| 007 | ta | ||
| 008 | 221006b |||||||| |||| 00| 0 eng d | ||
| 024 | _a26,990 | ||
| 037 | _cReports / Technical Reports | ||
| 040 |
_aFLL _cFLL _beng |
||
| 041 |
_2eng _aeng |
||
| 082 | _aZ1y7N51, J1.3 | ||
| 245 | 0 | _aFisheries case | |
| 260 | _c1951 | ||
| 300 |
_a773p _ccm. |
||
| 942 |
_hZ1y7N51, J1.3 _cREP _2CC |
||
| 999 |
_c1165676 _d1165676 |
||